Vista normal
Vista MARC
Entrada Materia (tema)
Número de registros utilizados en: 1
001 - CONTROL NUMBER
- control field: 44049
003 - CONTROL NUMBER IDENTIFIER
- control field: Co-BoUCM
005 - DATE AND TIME OF LATEST TRANSACTION
- control field: 20130902114857.0
008 - FIXED-LENGTH DATA ELEMENTS
- fixed length control field: 130902|| aca||aabn | a|a d
040 ## - CATALOGING SOURCE
- Original cataloging agency: Co-BoUCM
- Transcribing agency: Co-BoUCM
150 ## - HEADING--TOPICAL TERM
- Topical term or geographic name as entry element: Public housing
- Geographic subdivision: Colombia.
670 ## - SOURCE DATA FOUND
- Source citation: Work cat.: (Co-BoUCM)167889: Arrendamiento y vivienda popular en Colombia como alternativa habitacional, 2010